000 00309nam a22001337a 4500
008 180913b xxu||||| |||| 00| 0 eng d
020 _a9780201662245
041 _aeng
080 _a510
100 _a38
101 _aMAT
245 _aBasic Mathematics Through Applications
_cAkst.G
942 _2udc
_cBK
999 _c47736
_d47736